La nueva legilación de minas de la República de Bolivia / (Record no. 152341)

MARC details
000 -LEADER
campo de control de longitud fija 00714nam a2200193 i 4500
001 - NÚMERO DE CONTROL
campo de control 152341
003 - IDENTIFICADOR DE NÚMERO DE CONTROL
campo de control ES-MaACL
005 - FECHA Y HORA DE LA ÚLTIMA TRANSACCIÓN
campo de control 20230906204641.0
008 - DATOS DE LONGITUD FIJA--INFORMACIÓN GENERAL
campo de control de longitud fija 040810s1885 bo |||| | spa d
040 ## - FUENTE DE CATALOGACIÓN
Centro catalogador/agencia de origen CAM
Lengua de catalogación spa
Centro/agencia transcriptor CAM
110 1# - ENTRADA PRINCIPAL--NOMBRE DE ENTIDAD CORPORATIVA
Nombre de entidad corporativa o nombre de jurisdicción como elemento de entrada Bolivia.
9 (RLIN) 134193
240 10 - TÍTULO UNIFORME
Título uniforme [Leyes, etc. de minas]
245 13 - MENCIÓN DEL TÍTULO
Título La nueva legilación de minas de la República de Bolivia /
Mención de responsabilidad, etc. concordada, comentada y anotada por Melquiades Loaiza.
260 ## - PUBLICACIÓN, DISTRIBUCIÓN, ETC.
Lugar de publicación, distribución, etc. La Paz :
Nombre del editor, distribuidor, etc. en las principales librerías,
Fecha de publicación, distribución, etc. 1885 (
Lugar de fabricación/manufactura Santiago de Chile :
Fabricante Imprenta Cervantes)
300 ## - DESCRIPCIÓN FÍSICA
Extensión XXXV, 314 p. ;
Dimensiones 23 cm.
650 #4 - PUNTO DE ACCESO ADICIONAL DE MATERIA--TÉRMINO DE MATERIA
Término de materia o nombre geográfico como elemento de entrada Minas-
Subdivisión geográfica Bolivia-
Subdivisión general Legislación.
9 (RLIN) 136501
700 1# - ENTRADA AGREGADA--NOMBRE PERSONAL
Nombre de persona Loaiza, Melquiades.
9 (RLIN) 129022
852 ## - LOCALIZACIÓN
Ubicación ES-MaACL
Número de control de estantería G-7648
Nota libre -- Enc. hol.
Holdings
Estatus retirado Estado de pérdida Estado de daño No para préstamo Colección Biblioteca de origen Biblioteca actual Ubicación en estantería Fecha de adquisición Fuente de adquisición Total de préstamos Signatura topográfica completa Código de barras Visto por última vez Precio de reemplazo Tipo de ítem Koha
        Libros del s. XIX Biblioteca del Ateneo de Madrid Biblioteca del Ateneo de Madrid Sala Pecera Planta 3 17/01/2008     G-7648 1159058 23/02/2023 23/02/2023 Libro impreso antiguo